000 00522nam a22001817a 4500
005 20260427115307.0
008 260427b |||||||| |||| 00| 0 eng d
037 _cDSWL
040 _aDSWL
_cDSWL
041 _heng
084 _aU2.4r Q7
245 _aSouth Asia migration Report 2017
260 _aNew York,
_bRoutledge Publication,
_c2017
300 _a349p
365 _aINR
_b1095
942 _2CC
_cREP
_hU2.4r Q7
_n0
999 _c1848563
_d1848563